000 00765nam a22001935i 4500
001 164076
003 ES-MaACL
005 20230906212851.0
008 020924s1892 sp |||| | spa d
040 _aCCPB | B
_bspa
_cCCPB | B
100 1 _aRúa y Martínez, Manuel.
_9132238
245 1 3 _aLa traqueotomía en el tratamiento del crup
_b: discurso presentado para aspirar al grado de doctor en la facultad de Medicina y Cirugía de Madrid /
_cpor Manuel Rua y Martínez.
260 _aMadrid :
_b[s.n.],
_c1892 (
_ftipografía de los sucesores de Cuesta)
300 _a51 p. ;
_c24 cm.
650 4 _aDifteria.
_9135926
650 4 _aCrup.
_9135835
752 _aEspaña -
_dMadrid
852 _aES-MaACL
_jT-524-F-3
_z-- Enc. hol.
_z-- Enc. en un vol. facticio
999 _c164076
_d164076